Valuations for secured lending - changes to the RICS Practice Statement (Record no. 71858)
[ view plain ]
| 000 -LEADER | |
|---|---|
| fixed length control field | 01329cam a2200265 4500 |
| 001 - CONTROL NUMBER | |
| control field | ABS66302 |
| 008 - FIXED-LENGTH DATA ELEMENTS--GENERAL INFORMATION | |
| fixed length control field | 030103n2002 000 0 eng u |
| 035 ## - SYSTEM CONTROL NUMBER | |
| System control number | (Sirsi) u120891 |
| 100 ## - MAIN ENTRY--PERSONAL NAME | |
| Personal name | Brodtman, M. |
| 245 ## - TITLE STATEMENT | |
| Title | Valuations for secured lending - changes to the RICS Practice Statement |
| 260 ## - PUBLICATION, DISTRIBUTION, ETC. | |
| Date of publication, distribution, etc. | 2002 |
| 490 ## - SERIES STATEMENT | |
| Series statement | Plant and Machinery Newsletter |
| Volume/sequential designation | October 2002, 3(1) |
| 520 ## - SUMMARY, ETC. | |
| Summary, etc. | Reports on amendment 15 the final amendment to the fourth edition of the "Red Book" before the fifth edition is published in early 2003. Changes made under amendment 15 will be carried through into the fifth edition. Four key issues in the changes are; clear guidance on conflict of interest, simplification of valuation bases (Estimated Realisation Price and Restricted Realisation Price have been abolished), greater emphasis on special assumptions between valuer and client, and specific guidance on the content of reports. |
| 590 ## - LOCAL NOTE (RLIN) | |
| Local note | ABS |
| 650 ## - SUBJECT ADDED ENTRY--TOPICAL TERM | |
| Topical term or geographic name entry element | RICS APPRAISAL AND VALUATION MANUAL |
| 650 ## - SUBJECT ADDED ENTRY--TOPICAL TERM | |
| Topical term or geographic name entry element | RED BOOK AMENDMENT 15 |
| 650 ## - SUBJECT ADDED ENTRY--TOPICAL TERM | |
| Topical term or geographic name entry element | RED BOOK AMENDMENTS |
| 650 ## - SUBJECT ADDED ENTRY--TOPICAL TERM | |
| Topical term or geographic name entry element | VALUATION STANDARDS |
| 650 ## - SUBJECT ADDED ENTRY--TOPICAL TERM | |
| Topical term or geographic name entry element | CONFLICT OF INTEREST |
| 650 ## - SUBJECT ADDED ENTRY--TOPICAL TERM | |
| Topical term or geographic name entry element | ESTIMATED REALISATION PRICE |
| 650 ## - SUBJECT ADDED ENTRY--TOPICAL TERM | |
| Topical term or geographic name entry element | RESTRICTED REALISATION PRICE |
| 650 ## - SUBJECT ADDED ENTRY--TOPICAL TERM | |
| Topical term or geographic name entry element | SPECIAL ASSUMPTIONS |
| 690 ## - LOCAL SUBJECT ADDED ENTRY--TOPICAL TERM (OCLC, RLIN) | |
| Topical term or geographic name as entry element | PROPERTY-PROPERTY APPRAISAL AND VALUATION |
| 942 ## - ADDED ENTRY ELEMENTS (KOHA) | |
| Suppress in OPAC | 0 |
| Withdrawn status | Lost status | Source of classification or shelving scheme | Damaged status | Not for loan | Home library | Current library | Shelving location | Date acquired | Total Checkouts | Full call number | Barcode | Date last seen | Copy number | Price effective from | Koha item type |
|---|---|---|---|---|---|---|---|---|---|---|---|---|---|---|---|
| Dewey Decimal Classification | London | London | Journal article | 03/01/2003 | ABS66302 | 120891-1001 | 06/08/2019 | 1 | 06/08/2019 | Journal article |